000 01093nas a2200325 4500
001 BR2012000899
003 BR-BrBNA
005 20231205120131.0
007 ta
008 230509b bl.|||p| |||| 00| 00por d
040 _aBR-BrBNA
_bpor
_cBiblioteca Nacional de Agricultura
041 _a(Pt)
072 _aS20; Q04
100 1 _aLima, J.A.M.
100 1 _aCoelho, S.G.
100 1 _aRuas, J.R.M.
100 1 _aLana, A.M.Q.
100 1 _aSaturnino, H.M.
100 1 _aReis, R.B.
245 1 _aEfeito do aumento da frequência de ordenhas no início da lactação sobre produção, composição do leite e características reprodutivas de vacas mestiças Holandês-Zebu
650 _aGADO LEITEIRO
650 _aLACTAÇÃO
650 _aALEITAMENTO
650 _aORDENHA
650 _aMELHORAMENTO GENÉTICO ANIMAL
650 _aEFICIÊNCIA REPRODUTIVA
773 0 _tArquivo Brasileiro de Medicina Veterinária e Zootecnia (Brazil)
_xISSN 0102-0935
_g(Oct 2011), v. 63(5) p. 1160-1166
_wBR2012000899
909 _a202311
_bLúcia
_c55
_dLúcia Elande
942 _2AGRIS
_n0
_cANA
999 _c217173
_d217173